000 00660nam a2200289Ia 4500
005 20260324144152.0
008 008 260324s9999 xx 000 0 eng d
020 _a9780203699836
037 _aEBOOK
040 _aCRL
040 _beng
040 _cCRL
041 _2eng
041 _aeng
084 _qCRL
100 _aAndrew Ross
_91205670
245 0 _aNo Respect
245 0 _bIntellectuals and Popular Culture
260 _bTaylor and Francis
260 _c1989
365 _a
365 _b290
856 _uhttp://www.taylorfrancis.com/books/9780203699836
942 _cEBOOK
999 _c1824602
_d1824602